Großstädte im Benelux-Raum - Statistiken

Allgemein
  • Dieses Quiz wurde 34 mal gespielt
  • Das Durchschnittsergebnis liegt bei 20 aus 43
Antwortstatistiken
Einwohner Land Stadt % Korrekt
942.504 Niederlande Amsterdam
100%
188.737 Belgien Brüssel
100%
674.485 Niederlande Rotterdam
100%
569.076 Niederlande Den Haag
97%
249.873 Niederlande Eindhoven
97%
530.630 Belgien Antwerpen
94%
265.086 Belgien Gent
82%
118.509 Belgien Brügge
79%
244.829 Niederlande Groningen
79%
136.161 Luxemburg Luxemburg
79%
378.278 Niederlande Utrecht
79%
195.278 Belgien Lüttich
76%
126.017 Niederlande Maastricht
67%
113.170 Niederlande Alkmaar
61%
122.547 Belgien Anderlecht
61%
162.671 Niederlande Enschede
58%
104.201 Niederlande Venlo
55%
168.946 Niederlande Haarlem
52%
202.421 Belgien Charleroi
48%
189.850 Niederlande Nijmegen
48%
172.002 Niederlande Arnhem
45%
102.236 Belgien Löwen
39%
230.757 Niederlande Tilburg
39%
134.143 Niederlande Zwolle
39%
162.272 Niederlande ´s-Hertogenbosch
36%
190.171 Niederlande Breda
33%
130.179 Niederlande Leeuwarden
30%
130.302 Niederlande Leiden
30%
112.559 Belgien Namur
30%
232.650 Niederlande Almere
27%
169.222 Niederlande Apeldoorn
27%
163.766 Niederlande Amersfoort
24%
105.130 Niederlande Deventer
24%
110.044 Niederlande Delft
18%
122.933 Niederlande Dordrecht
18%
109.838 Niederlande Emmen
15%
165.235 Niederlande Zaanstad
12%
166.996 Niederlande Haarlemermeer
9%
130.850 Niederlande Zoetermeer
9%
130.690 Belgien Schaerbeek
6%
117.278 Niederlande Alphen aan den Rijn
3%
125.303 Niederlande Ede
3%
118.795 Niederlande Westland
3%
Keine übereinstimmenden Quizze gefunden
Verteilung der Resultate
Anzahl Personen mit jedem Resultat
Perzentil nach korrekt beantworteten Fragen
Ihre Resultats-Entwicklung
Sie haben dieses Quiz noch nicht gespielt